Films comportant un nom de tribu indienne dans le titre - Statistiques

Statistiques générales
  • Ce quiz a été pris 29 fois
  • Le résultat moyen est 1 sur 15
Statistiques - réponses
Année Titre du film % Correct
1992 Le dernier des Mohicans
89%
1956 Comanche
19%
1964 Les Cheyennes
11%
1991 Cherokee
7%
1966 Navajo Joe
7%
1954 Bronco Apache
4%
1948 Le massacre de Fort Apache
4%
1972 Fureur Apache
0%
1956 Guet apens chez les sioux
0%
1951 La revanche des sioux
0%
1963 La révolte des indiens Apaches
0%
1966 Le massacre des sioux
0%
1965 Sur la piste des Apaches
0%
1939 Sur la piste des Mohawks
0%
1950 Sur le territoire des Comanches
0%
Aucun quiz correspondant
Distribution des résultats
% des personnes avec chaque résultat
Percentile par nombre de réponses
Votre historique - résultats
Vous n’avez pas pris ce quiz